000
00341 a2200157 4500
001
61129
020
_a
9780194389044
040
_c
Anchieta - Pituba
100
_a
Soars, Liz
240
1
0
_a
American headway 1A
_l
Ing
245
1
0
_a
American headway 1A
300
_a
81
362
0
_a
2004
650
4
_a
Inglês e inglês antigo
942
_c
BK
999
_c
61129
_d
61129